000 00769nam a2200205 i 4500
001 63075
003 ES-MaACL
005 20250827063210.0
007 t|
008 031128s1903 sp ||||1| spa d
100 1 _aFernández-Victorio y Cociña, Francisco,
_d1866-
_9151062
245 1 0 _aEnucleación y prótesis ocular
_b: memoria presentada para aspirar al Grado de Doctor en Medicina y Cirugia / por el licenciado D. Francisco Fernández-Victorio y Cociña.
260 _aBarcelona :
_b[s.n.],
_c1903 (
_fImp. Moderna de Guinart y Pujolar)
300 _a58 p. ;
_c23 cm.
502 _aTesis doctoral.
650 4 _aOjos-
_xEnucleación.
_9151063
650 4 _aPrótesis oculares.
_9151064
852 _aES-MaACL
_jT-1049-F-14
999 _c63075
_d63075